Destiny's way

Gespeichert in:
Bibliographische Detailangaben
1. Verfasser: Williams, Walter Jon.
Format: CD
Sprache:English
Veröffentlicht: New York : Random House, 2002.
Schriftenreihe:Star wars, the new Jedi order.
Tags: Tag hinzufügen
Keine Tags, Fügen Sie den ersten Tag hinzu!
Thư viện lưu trữ: Thư viện Trường Đại học Đà Lạt
LEADER 00683nam a2200289 4500
001 DLU080064524
005 ##20081231
040 # # |a DLU  |b eng 
041 # # |a eng 
044 # # |a us 
082 # # |a 813  |b WI-W 
100 # # |a Williams, Walter Jon. 
245 # # |a Destiny's way   |h [CD-ROM] /  |c Walter Jon Williams. 
256 # # |a 4 3/4 in. 
260 # # |a New York :  |b Random House,  |c 2002. 
300 # # |a 5 CD-ROMs ;  |c 4 3/4 in. 
490 # # |a Star wars, the new Jedi order. 
923 # # |a 21/2008 
992 # # |a 0 
994 # # |a DLU 
900 # # |a True 
911 # # |a Nguyễn Thanh Hương 
925 # # |a CD 
926 # # |a A 
927 # # |a CD 
980 # # |a Thư viện Trường Đại học Đà Lạt